000 00914nam a22002417i 4500
999 _c22703
_d22703
003 AR-CdUCM
008 231003b20132013pe ||||fr|||| 00| 0 spa d
040 _aMUNICIPALIDAD PROVINCIAL DEL CUSCO
_cBIBLIOTECA MUNICIPAL DEL CUSCO
041 _hspa
082 _a615.532 / Z54
_bZ54
100 _aZea Ruiz, Nilo
_948906
245 _aMedicina Homeopática Personalizada :
_bEn el Campo de la Farmacia y la Terapéutica /
260 _bUniversidad Nacional de San Antonio Abad del Cusco,
_c2013.
300 _a268 páginas. :
_c21 cm.
505 _aHomeopatía -- Diagnostico de remedio -- Filosofía medica -- Farmacia homeopática -- Remedios homeopáticos.
650 _aHomeopatía
_948907
650 _aDiagnóstico
_922238
650 _aArtritis reumatiodea
_948908
650 _aMedicina alternativa
_949083
650 _aTerapia personalizada
_948910
942 _2ddc
_cLIBROS
945 _apeb
_d2023-10-03